| 000 | 00929nam a22002772 4500 | ||
|---|---|---|---|
| 001 | 16393 | ||
| 003 | UkOxU | ||
| 005 | 20211209000014.0 | ||
| 008 | 140213s19551939enka 001 0 eng d | ||
| 035 |
_aOCLC ocm17971896 from D970904M _a(BD-RjUL)16448 |
||
| 040 |
_aNLW _cNLW _dBD-RjUL _beng |
||
| 041 | _aeng | ||
| 082 |
_a669.02 _bHEE 1955 _223 |
||
| 100 | 1 |
_aHeyer, Robert Harry. _950678 |
|
| 245 | 1 | 0 |
_aEngineering physical metallurgy / _cby Robert H. Heyer. |
| 260 |
_aLondon : _bChapman & Hall, _cc1939 [Reprinted 1955]. |
||
| 300 |
_aviii, 549 p. : _billus., fold. pl., diagrs. ; _c24 cm. |
||
| 500 | _a"References" at end of each chapter. | ||
| 500 | _a"First published, July, 1939 ... reprinted September, 1940 ... February, 1942." | ||
| 504 | _aincludes index. | ||
| 650 | 0 |
_aMetallurgy. _950679 |
|
| 650 | 0 |
_aMetals. _950680 |
|
| 650 | 0 |
_aAlloys. _950681 |
|
| 650 | 0 |
_aSteel _xMetallurgy. _941670 |
|
| 942 |
_2ddc _cBK |
||
| 999 |
_c16393 _d16393 |
||